000 00680nam a2200241 a 4500
008
020 _a0070374740 (pbk.)
049 _aMAIN
090 _aQD453.2
100 1 _aLevine, Ira N.
245 1 0 _aPhysical chemistry /
_cIra N. Levine.
250 _a3rd ed.
260 _aNew York :
_bMcGraw-Hill,
_cc1988.
300 _axvii, 919 p. :
_bill. ;
_c24 cm.
504 _aIncludes bibliographical references.
500 _aIncludes index.
650 _aChemistry, Physical and theoretical.
907 _a.b10126375
_b15-06-04
_c11-06-04
003
005 20230123133737.0
040 _cNUST
942 _cBOOKS
_kQD453.2
999 _c153886
_d153886